Assesment of opportunities and constraints for the development of aquacalture in mesang district prey veng province (ការវាយតំលៃពីឪកាសនិងផលវិបាកដើម្បីអភិវឌ្ឍន៏វារីវប្បកម្មស្រុកមេសាងខេត្តព្រៃវែង) (Record no. 3715)
[ view plain ]
| 000 -LEADER | |
|---|---|
| fixed length control field | 00698nam a22001577a 4500 |
| 003 - CONTROL NUMBER IDENTIFIER | |
| control field | OSt |
| 005 - DATE AND TIME OF LATEST TRANSACTION | |
| control field | 20151130092103.0 |
| 008 - FIXED-LENGTH DATA ELEMENTS--GENERAL INFORMATION | |
| fixed length control field | 151130b xxu||||| |||| 00| 0 eng d |
| 040 ## - CATALOGING SOURCE | |
| Transcribing agency | RUA |
| 082 ## - DEWEY DECIMAL CLASSIFICATION NUMBER | |
| Classification number | FIS EK 1996 B162 Or.1 |
| 100 ## - MAIN ENTRY--PERSONAL NAME | |
| 9 (RLIN) | 3993 |
| Personal name | EK, ERYA. |
| 245 ## - TITLE STATEMENT | |
| Title | Assesment of opportunities and constraints for the development of aquacalture in mesang district prey veng province (ការវាយតំលៃពីឪកាសនិងផលវិបាកដើម្បីអភិវឌ្ឍន៏វារីវប្បកម្មស្រុកមេសាងខេត្តព្រៃវែង) |
| 260 ## - PUBLICATION, DISTRIBUTION, ETC. (IMPRINT) | |
| Place of publication, distribution, etc. | Phnom Penh |
| Name of publisher, distributor, etc. | RUA |
| Date of publication, distribution, etc. | 1996 |
| 300 ## - PHYSICAL DESCRIPTION | |
| Extent | 75p. |
| Other physical details | 29cm. |
| Dimensions | ill. |
| 942 ## - ADDED ENTRY ELEMENTS (KOHA) | |
| Source of classification or shelving scheme | |
| Koha item type | FIS |
| Price effective from | Date last seen | Permanent Location | Not for loan | Date acquired | Source of classification or shelving scheme | Koha item type | Lost status | Withdrawn status | Date last checked out | Total Checkouts | Shelving location | Damaged status | Barcode | Current Location | Full call number |
|---|---|---|---|---|---|---|---|---|---|---|---|---|---|---|---|
| 2015-11-30 | 2015-11-30 | Library Block B | 2015-11-30 | FIS | B162 | RUA011208 | Library Block B | FIS EK 1996 B162 Or.1 | |||||||
| 2015-11-30 | 2015-11-30 | Library Block B | 2015-11-30 | FIS | B162 | RUA011268 | Library Block B | FIS EK 1996 B162 Or.2 | |||||||
| 2015-11-30 | 2015-11-30 | Library Block B | 2015-11-30 | FIS | B162 | RUA011173 | Library Block B | FIS EK 1996 B162 Or.3 | |||||||
| 2015-11-30 | 2015-11-30 | Library Block B | 2015-11-30 | FIS | B162 | RUA011049 | Library Block B | FIS EK 1996 B162 Or.4 | |||||||
| 2015-11-30 | 2015-11-30 | Library Block B | 2015-11-30 | FIS | B162 | RUA011245 | Library Block B | FIS EK 1996 B162 Or.5 | |||||||
| 2015-11-30 | 2015-11-30 | Library Block B | 2015-11-30 | FIS | B162 | RUA011020 | Library Block B | FIS EK 1996 B162 Or.6 | |||||||
| 2015-11-30 | 2015-11-30 | Library Block B | 2015-11-30 | FIS | B162 | RUA011028 | Library Block B | FIS EK 1996 B162 Or.7 | |||||||
| 2015-11-30 | 2023-02-06 | Library Block B | 2015-11-30 | FIS | 2023-01-25 | 1 | B162 | RUA011386 | Library Block B | FIS EK 1996 B162 Or.8 | |||||
| 2015-11-30 | 2015-11-30 | Library Block B | 2015-11-30 | FIS | B162 | RUA011352 | Library Block B | FIS EK 1996 B162 Or.9 | |||||||
| 2015-11-30 | 2015-11-30 | Library Block B | 2015-11-30 | FIS | B162 | RUA011424 | Library Block B | FIS EK 1996 B162 Or.10 |